History - American | 1 | 3 | 0 | 0 | 45 | 18 | 81.00 | 0 | 1 |
Science - Physics | 0 | 4 | 0 | 0 | 40 | 57 | 90.00 | 0 | 0 |
Science - Chemistry | 0 | 4 | 0 | 0 | 40 | 63 | 95.50 | 0 | 0 |
Science - Computer Science | 0 | 2 | 0 | 0 | 20 | 65 | 91.50 | 0 | 0 |
Other - Other Academic and General Knowledge | 0 | 2 | 0 | 0 | 20 | 102 | 108.00 | 0 | 0 |
Science - Biology | 0 | 2 | 0 | 0 | 20 | 93 | 99.50 | 0 | 0 |
RMP - World Mythology | 0 | 1 | 0 | 0 | 10 | 117 | 117.00 | 0 | 0 |
Science - Earth | 0 | 1 | 0 | 0 | 10 | 55 | 55.00 | 0 | 0 |
Science - Engineering and Miscellaneous | 0 | 1 | 0 | 0 | 10 | 110 | 110.00 | 0 | 0 |
Science - Math | 0 | 1 | 0 | 0 | 10 | 68 | 68.00 | 0 | 0 |
Social Science - Other | 0 | 1 | 0 | 0 | 10 | 117 | 117.00 | 0 | 0 |
Current Events - U.S. | 0 | 1 | 0 | 0 | 10 | 117 | 117.00 | 0 | 0 |
Current Events - World | 0 | 1 | 0 | 0 | 10 | 69 | 69.00 | 0 | 0 |
History - Cross, Historiography, and Miscellaneous | 0 | 1 | 0 | 0 | 10 | 113 | 113.00 | 0 | 0 |
Literature - British | 0 | 1 | 0 | 0 | 10 | 88 | 88.00 | 0 | 0 |
Literature - European | 0 | 1 | 0 | 0 | 10 | 127 | 127.00 | 0 | 0 |
RMP - Philosophy | 0 | 1 | 0 | 0 | 10 | 86 | 86.00 | 0 | 0 |
Social Science - Psychology | 0 | 0 | 0 | 0 | 0 | | 0.00 | 0 | 0 |